000 04901nam a22008417a 4500
003 CHAP
005 20220329140920.0
008 971013s1954 r 00010 d
010 _a59765
011 _a60737
035 _a64899
040 _cCHAP
082 _a574.873
_bH45
100 0 0 _aHielbrunn, L. V.
_955286
245 _aProtoplasmatologia ; handbuch der Protoplasma forscheung, herausgegeben
260 _aWien :
_bSpringer-Verlag,
_c1954-
300 _av.
_b: ilus.
500 _aviruses ; Pte.4a Virus inclusion in plant cells ; Pte.4b Virus inclusions in insect cells ; Pte.5 Antibiotika erzeugende virus-ahnliche Faktoren in Bakterien.--v.5 Pte.1 Strukturtypen der Ruherkerne von Pflanzen und Tieren ; Pte.2 The nuclear membrane a
505 _aContenido : v.1 Pte.1 Die makromolekulare chemie und ihre Bedeutung fur die protoplasmaforschung ; Pte.2 Biocolloids and their interactions.--v.2A Pte.1 Cytoplasmastruktur in pflanzenzellen ; Pte.Ib Itravakuolares protoplasma ; Pte. Ic Plasmodesmata; v.
590 _aBATCH-UPD
_b10
_c20130110
_lUCH01
_h0541
590 _aBATCH-UPD
_b10
_c20130110
_lUCH01
_h2330
590 _aCONVERSION
_b10
_c20130109
_lUCH01
_h1332
650 1 4 _aProtoplasma.
_992466
700 0 _aWeber, F.
_9121291
901 _aBK
942 _cLIBRO
949 _a574.873 H45
_bBC
_cBPA
_d-143095
_eBPA
_fv.1 pte.1
_h8336
_i64899
_si
949 _a574.873 H45
_bBC
_cBPA
_d-143096
_eBPA
_fv.1 pte.2
_h8337
_i64899
_si
949 _a574.873 H45
_bBC
_cBPA
_d-143097
_eBPA
_fv.2 pte.1a
_h8338
_i64899
_si
949 _a574.873 H45
_bBC
_cBPA
_d-143098
_eBPA
_fv.2a pte.4-5
_h8339
_i64899
_si
949 _a574.873 H45
_bBC
_cBPA
_d-143099
_eBPA
_fv.2b pte.2
_h8340
_i64899
_si
949 _a574.873 H45
_bBC
_cBPA
_d-143100
_eBPA
_fv.2a pte.2
_h8341
_i64899
_si
949 _a574.873 H45
_bBC
_cBPA
_d-143101
_eBPA
_fv.2b pte.2b
_h8342
_i64899
_si
949 _a574.873 H45
_bBC
_cBPA
_d-143102
_eBPA
_fv.2 pte.2b
_h8343
_i64899
_si
949 _a574.873 H45
_bBC
_cBPA
_d-143103
_eBPA
_fv.2 pte.2b
_h8344
_i64899
_si
949 _a574.873 H45
_bBC
_cBPA
_d-143104
_eBPA
_fv.2c Pte.1
_h8345
_i64899
_si
949 _a574.873 H45
_bBC
_cBPA
_d-143105
_eBPA
_fv.2 pte.6
_h15270
_i64899
_si
949 _a574.873 H45
_bBC
_cBPA
_d-143106
_eBPA
_fv.2c pte.7a
_h8346
_i64899
_si
949 _a574.873 H45
_bBC
_cBPA
_d-143107
_eBPA
_fv.2c pte.8d
_h8347
_i64899
_si
949 _a574.873 H45
_bBC
_cBPA
_d-143108
_eBPA
_fv.2d pte.2
_h8348
_i64899
_si
949 _a574.873 H45
_bBC
_cBPA
_d-143109
_eBPA
_fv.2d pte.3
_h8349
_i64899
_si
949 _a574.873 H45
_bBC
_cBPA
_d-143110
_eBPA
_fv.2b pte.2c
_h8350
_i64899
_si
949 _a574.873 H45
_bBC
_cBPA
_d-143111
_eBPA
_fv.3a pte.1
_h8351
_i64899
_si
949 _a574.873 H45
_bBC
_cBPA
_d-143112
_eBPA
_fv.3a pte.4
_h8352
_i64899
_si
949 _a574.873 H45
_bBC
_cBPA
_d-143113
_eBPA
_fv.3d pte.1-3
_h8353
_i64899
_si
949 _a574.873 H45
_bBC
_cBPA
_d-143114
_eBPA
_fv.3e
_h8354
_i64899
_si
949 _a574.873 H45
_bBC
_cBPA
_d-143115
_eBPA
_fv.4 pte.2
_h8355
_i64899
_si
949 _a574.873 H45
_bBC
_cBPA
_d-143116
_eBPA
_fv.4 pte.3-5
_h8356
_i64899
_si
949 _a574.873 H45
_bBC
_cBPA
_d-143117
_eBPA
_fv.5 pte.1
_h8357
_i64899
_si
949 _a574.873 H45
_bBC
_cBPA
_d-143118
_eBPA
_fv.5 pte.2
_h8358
_i64899
_si
949 _a574.873 H45
_bBC
_cBPA
_d-143119
_eBPA
_fv.5 Pte.3a
_h8359
_i64899
_si
949 _a574.873 H45
_bBC
_cBPA
_d-143120
_eBPA
_fv.6 pte.6a
_h8360
_i64899
_si
949 _a574.873 H45
_bBC
_cBPA
_d-143121
_eBPA
_fv.6c
_h8361
_i64899
_si
949 _a574.873 H45
_bBC
_cBPA
_d-143122
_eBPA
_fv.6d
_h8362
_i64899
_si
949 _a574.873 H45
_bBC
_cBPA
_d-143123
_eBPA
_fv.6e pte.1
_h8363
_i64899
_si
949 _a574.873 H45
_bBC
_cBPA
_d-143124
_eBPA
_fv.6f pte.1
_h8364
_i64899
_si
949 _a574.873 H45
_bBC
_cBPA
_d-143125
_eBPA
_fv.6f-3
_h11860
_i64899
_si
949 _a574.873 H45
_bBC
_cBPA
_d-143126
_eBPA
_fv.6f Pte.2
_h8365
_i64899
_si
949 _a574.873 H45
_bBC
_cBPA
_d-143127
_eBPA
_fv.6h pte.1
_h8366
_i64899
_si
949 _a574.873 H45
_bBC
_cBPA
_d-143128
_eBPA
_fv.7 Pte.3a
_h8367
_i64899
_si
949 _a574.873 H45
_bBC
_cBPA
_d-143129
_eBPA
_fv.8 pte.7b
_h13561
_i64899
_si
949 _a574.873 H45
_bBC
_cBPA
_d-143130
_eBPA
_fv.8 pte.8
_h13562
_i64899
_si
949 _a574.873 H45
_bBC
_cBPA
_d-143131
_eBPA
_fv.7 pte.3b
_h8368
_i64899
_si
949 _a574.873 H45
_bBC
_cBPA
_d-143132
_eBPA
_fv.8 pte.3a
_h8369
_i64899
_si
949 _a574.873 H45
_bBC
_cBPA
_d-143133
_eBPA
_fv.8 pte.6
_h8370
_i64899
_si
949 _a574.873 H45
_bBC
_cBPA
_d-143134
_eBPA
_fv.8 pte.7a
_h8371
_i64899
_si
949 _a574.873 H45
_bBC
_cBPA
_d-143135
_eBPA
_fv.8 pte.9
_h8372
_i64899
_si
949 _a574.873 H45
_bBC
_cBPA
_d-143136
_eBPA
_fv.10 pte.2
_h8373
_i64899
_si
949 _a574.873 H45
_bBC
_cBPA
_d-143137
_eBPA
_fv.10 pte.3
_h8377
_i64899
_si
949 _a574.873 H45
_bBC
_cBPA
_d-143138
_eBPA
_fv.10 pte.5
_h8374
_i64899
_si
949 _a574.873 H45
_bBC
_cBPA
_d-143139
_eBPA
_fv.11 pte.2
_h8375
_i64899
_si
949 _a574.873 H45
_bBC
_cBPA
_d-143140
_eBPA
_fv.12 pte.1
_h8376
_i64899
_si
999 _c59765
_d59765